Statistics for Bible Quotes Quiz #4

Click here to take the quiz!

General Stats

  • This quiz has been taken 29,192 times
    (24,177 since last reset)
  • The average score is 11 of 16

Answer Stats

VerseQuote% Correct
Matthew 7:15Beware of false prophets, which come to you in {sheep}'s clothing,
but inwardly they are ravening wolves
89%
Genesis 19:26But his wife looked back from behind him, and she became a pillar of {salt}
88%
Matthew 14:17And they say unto him, We have here but five {loaves}, and two fishes
86%
Psalms 23:5My {cup} runneth over
84%
Exodus 20:17Thou shalt not {covet} thy neighbour's wife
84%
Genesis 1:28Be fruitful, and {multiply}
79%
Matthew 16:18That thou art Peter, and upon this {rock} I will build my church
75%
Genesis 1:1{In} {the} {beginning} God created the heaven and the earth
74%
Matthew 8:22Let the {dead} bury their {dead}
73%
Matthew 26:34That this night, before the cock crow, thou shalt {deny} me thrice
73%
John 3:3Except a man be {born} again, he cannot see the kingdom of God
70%
Luke 9:25For what is a man advantaged, if he gain the {whole} {world}, and lose himself
52%
Mark 1:6And he did eat {locusts} and wild honey
48%
Isaiah 2:4And they shall beat their {swords} into plowshares
44%
Proverbs 15:1A soft answer turneth away {wrath}
36%
Matthew 5:9Blessed are the {peacemakers}: for they shall be called the children of God
36%

Score Distribution

Percentile by Number Answered

Percent of People with Each Score

Your Score History

You have not taken this quiz since the last reset